00716nam a2200205 a 450000100100000000500170001000800410002702000150006804000250008308200220010810000210013024501450015125000110029626000290030730000210033649000220035750000730037970000360045283000220048800004251220201002040213.0131205s1975 sp 000 0 spa d a842493475X aDO-SdBNPbspacBNPHU axxxxbC568a, 19751 aCicerón, M. T.10aDe Amicitia /cMarco Tulio Cicerón ; texto latino con traducción literal y literaria y notas históricas por Valentín Garciá Yebra. a2a ed. aMadrid :bGredos,c1975. a140 p. ;c19 cm.1 aGredos bilingüe aIncluye referencias bibliográficas y notas al pie de las páginas12aGarciá Yebra, Valentínetr. 0aGredos bilingüe